<?xml version="1.0" encoding="UTF-8"?><?xml-stylesheet type="text/xsl" href="static/style.xsl"?><OAI-PMH xmlns="http://www.openarchives.org/OAI/2.0/" xmlns:xsi="http://www.w3.org/2001/XMLSchema-instance" xsi:schemaLocation="http://www.openarchives.org/OAI/2.0/ http://www.openarchives.org/OAI/2.0/OAI-PMH.xsd"><responseDate>2026-04-27T20:18:22Z</responseDate><request verb="GetRecord" identifier="oai:uvadoc.uva.es:10324/3492" metadataPrefix="marc">https://uvadoc.uva.es/oai/request</request><GetRecord><record><header><identifier>oai:uvadoc.uva.es:10324/3492</identifier><datestamp>2021-06-29T09:34:47Z</datestamp><setSpec>com_10324_38</setSpec><setSpec>col_10324_852</setSpec></header><metadata><record xmlns="http://www.loc.gov/MARC21/slim" xmlns:doc="http://www.lyncode.com/xoai" xmlns:xsi="http://www.w3.org/2001/XMLSchema-instance" xmlns:dcterms="http://purl.org/dc/terms/" xsi:schemaLocation="http://www.loc.gov/MARC21/slim http://www.loc.gov/standards/marcxml/schema/MARC21slim.xsd">
<leader>00925njm 22002777a 4500</leader>
<datafield tag="042" ind1=" " ind2=" ">
<subfield code="a">dc</subfield>
</datafield>
<datafield tag="720" ind1=" " ind2=" ">
<subfield code="a">López Ortega, Daniel</subfield>
<subfield code="e">author</subfield>
</datafield>
<datafield tag="260" ind1=" " ind2=" ">
<subfield code="c">2013</subfield>
</datafield>
<datafield tag="520" ind1=" " ind2=" ">
<subfield code="a">Aunque la integración de los alumnos que presentan algún tipo de deficiencia está regulada en la Ley Orgánica de Educación de 2006 así como en el Proyecto educativo de Centro, Proyecto Curricular y, con más atención, en el Plan de Atención a la Diversidad; quiero basar este estudio en averiguar de primera mano qué es lo que se hace con este tipo de alumnado, sin hacer, en primera instancia, relación a lo marcado en las leyes y proyectos. En el presente trabajo se ha realizado un estudio transversal de las distintas leyes educativas que se han sucedido en la historia para comprobar el tratamiento que se les ha ido dando, así como un análisis de los métodos y criterios empleados en la integración académica, social y laboral de este tipo de alumnado. El estudio finaliza con una serie de indicaciones didácticas elaboradas y dirigidas hacia el desarrollo de las capacidades docentes para la mejora educativa, con el objeto de aportar una herramienta útil para los futuros docentes que se encuentren en sus aulas con alumnos con estas características y sepan como ayudarles e integrarles. Para el estudio de los conocimientos sobre los métodos e instrumentos empleados hacia este tema, se han desarrollado entrevistas en centros públicos, privados y concertados en el ámbito rural</subfield>
</datafield>
<datafield tag="024" ind2=" " ind1="8">
<subfield code="a">http://uvadoc.uva.es/handle/10324/3492</subfield>
</datafield>
<datafield ind1=" " ind2=" " tag="653">
<subfield code="a">Integración escolar</subfield>
</datafield>
<datafield ind1=" " ind2=" " tag="653">
<subfield code="a">Educación especial</subfield>
</datafield>
<datafield tag="245" ind1="0" ind2="0">
<subfield code="a">Estudio teórico-práctico sobre los métodos de integración de niños discapacitados</subfield>
</datafield>
</record></metadata></record></GetRecord></OAI-PMH>